|
|
|
|
| LEADER |
00000cam a2200000 a 4500 |
| 001 |
vtls001483287 |
| 003 |
SK-MaSNL |
| 005 |
20260302003012.0 |
| 008 |
240313s2004 gw abc 00100bger |
| 015 |
|
|
|a SNBZSA2004-00301
|
| 020 |
|
|
|a 3791330829
|
| 035 |
|
|
|a SNK000438582
|
| 040 |
|
|
|a SNK
|b slo
|c SNK
|e AACR2
|
| 041 |
0 |
|
|a ger
|
| 043 |
|
|
|a n-us---
|
| 044 |
|
|
|a gw
|c DE
|
| 072 |
|
7 |
|a 72/76
|x Výtvarné umenie
|2 konspekt
|
| 080 |
|
|
|a 75.071.1=112.2
|2 2. slo
|
| 080 |
|
|
|a 929 Warhol, Andy
|2 2. slo
|
| 100 |
1 |
|
|a Bauer, Claudia
|4 aut
|9 641098
|
| 245 |
1 |
|
|a Andy Warhol
|c Claudia Bauer
|
| 246 |
1 |
4 |
|a Warhol
|
| 250 |
|
|
|a [1. Aufl.]
|
| 260 |
|
|
|a München
|b Prestel
|c c2004
|
| 300 |
|
|
|a 71 s.
|b fotogr., mp., portréty
|c 19 cm
|
| 490 |
1 |
|
|a Prestel art guide
|
| 490 |
1 |
|
|a Bild-Biografie
|
| 500 |
|
|
|a Názov na obál.: Warhol
|
| 504 |
|
|
|a Literatúra. Chronologické tab. Zoz.
|
| 600 |
1 |
7 |
|a Warhol, Andy,
|d 1928-1987
|2 SNKMA
|9 97490
|
| 650 |
0 |
7 |
|a výtvarné umenie
|2 SNKPH
|9 723
|
| 655 |
|
7 |
|a biografie
|2 SNKPH
|9 27965
|
| 830 |
|
0 |
|a Bild-Biografie
|9 641099
|
| 830 |
|
0 |
|a Prestel art guide
|9 641100
|
| 919 |
|
|
|a 3-7913-3082-9
|
| 958 |
|
|
|a ZS
|
| 958 |
|
|
|a BX
|
| 958 |
|
|
|a US
|
| 958 |
|
|
|a NB
|
| 999 |
|
|
|c 990321
|d 992251
|
| 952 |
|
|
|t P60, <03>, [BOOK], {603}
|a SNK
|b SNK
|y PREZ
|7 0
|p 17A0448661
|o snkSD 74304
|i snkV 1496/2004
|g 9.26
|0 0
|1 0
|4 0
|d 2004-10-11
|l 0
|r 2025-11-21 00:00:00
|w 2026-02-24
|